| 000 | 00936nmm a2200265 a 4500 | ||
|---|---|---|---|
| 001 | ocm000641552 | ||
| 003 | TR-IsHL | ||
| 005 | 20201028133045.0 | ||
| 008 | 131121s2003 tu tur | ||
| 007 | cr cn | ||
| 020 | _a9789758312108 | ||
| 035 |
_a641552 _b(N$T) |
||
| 050 | 0 | 4 |
_aTL789 _b.G47 2003 |
| 090 | 0 | 4 |
_aTL789 _b.G47 2003 |
| 100 | 1 | _aGerçeksever, Selman | |
| 245 | 1 | 0 |
_aYıldızlardan gelen tanrılar _h[electronic resource] / _cSelman Gerçeksever |
| 260 |
_aİstanbul : _bSınırötesi Yayınları, _c2003 |
||
| 300 | _a271 p. | ||
| 650 | 4 | _aAstronomi ve Uzay | |
| 650 | 4 | _aAstronomy & Space Sciences | |
| 650 | 0 |
_aTanımlanamayan uçan nesneler _x Kişisel anlatılar |
|
| 650 | 0 |
_aUnidentified flying objects _x Personal narratives |
|
| 650 | 7 |
_aBODY, MIND & SPIRIT / UFOs & Extraterrestrials _2bisacsh |
|
| 856 | 4 | 0 | _uhttp://search.ebscohost.com/login.aspx?direct=true&scope=site&db=e011xww&AN=641552 |
| 999 |
_c5432 _d5432 |
||